Zagraniczni żużlowcy występujący w klubie z Krakowa - Statystyki

Ogólne statystyki
  • Ten quiz został rozwiązany 63 razy
  • Średni wynik to 24 z 67
Statystyki odpowiedzi
Narodowość Lata startów Odpowiedź % Poprawnych
Finlandia 2019 Tero Aarnio
76%
Ukraina 2015 Andriej Karpow
71%
Australia 2015 Davey Watt
65%
Węgry 1994-95 Sandor Tihanyi
65%
Wielka Brytania 2017 Scott Nicholls
65%
Czechy 2012 Vaclav Milik
65%
Węgry 2011-12 Jozsef Tabaka
59%
Dania 2011,13,16 Mads Korneliussen
59%
Czechy 2012-13,19 Matej Kus
59%
Dania 2016-17 Patrick Hougaard
59%
Niemcy 2011 Tobias Busch
59%
Rosja 2010,12 Andriej Kudriaszow
53%
Wielka Brytania 2016 Chris Harris
53%
Dania 2013-15 Kenneth Hansen
53%
Finlandia 2013 Timo Lahti
53%
Niemcy 2012-13 Tobias Kroner
53%
Szwecja 2011-12 Christian Ago
47%
Dania 2011 Kenni Larsen
47%
Dania 2014,17 Nikolai Busk Jakobsen
47%
Rosja 2010 Władimir Borodulin
47%
Bułgaria 2003 Georgi Petranov
41%
Rosja 2019 Igor Kononow
41%
Słowenia 2002 Izak Santej
41%
Dania 2018 Lasse Bjerre
41%
Węgry 2002 Norbert Magosi
41%
Wielka Brytania 2013-14 Oliver Allen
41%
Dania 2017-18 Rasmus Jensen
41%
Rosja 2018 Siergiej Łogaczow
41%
Szwecja 2018 Victor Palovaara
41%
Węgry 1996 Zoltan Adorjan
41%
Dania 2017-18 Claus Vissing
35%
Czechy 2010 Hynek Stichauer
35%
Szwecja 2018 Joel Andersson
35%
Australia 2019 Jordan Stewart
35%
Węgry 1996,98 Laszlo Bodi
35%
Rosja 1993-95 Michaił Starostin
35%
Łotwa 1999 Nikolai Kokin
35%
Australia 2016 Sam Masters
35%
Rosja 2010 Semen Własow
35%
Rosja 1998 Siergiej Darkin
35%
Wielka Brytania 2013 Simon Stead
35%
Ukraina 1998 Aleksander Latosinski
29%
Dania 2010 Claes Nedermark
29%
Węgry 1997 Csaba Hell
29%
Dania 2017 Nikolai Klindt
29%
Szwecja 2015 Pontus Aspgren
29%
Dania 2014 Rene Bach
29%
Węgry 1999 Attila Stefani
24%
Australia 2016 Josh Grajczonek
24%
Niemcy 2019 Michael Haertel
24%
Australia 1994 Shane Parker
24%
Czechy 1997 Zdenek Schneiderwind
24%
Szwecja 2011 Matthias Thornbloem
18%
Austria 1993 Walder Nebel
18%
Węgry 2001 Zsolt Bencze
18%
Australia 2018 Aaron Summers
12%
Łotwa 1999 Aleksandr Biznia
12%
Rosja 2010 Danił Iwanow
12%
Czechy 1997 Jaroslaw Gavenda
12%
Czechy 1995 Pavel Ondrasik
12%
Czechy 2013 Josef Franc
6%
Austria 2001 Thomas Stadler
6%
Rosja 2010 Władimir Dubinin
6%
Rosja 2012 Kirył Cukanow
0%
Szwecja 2014 Magnus Karlsson
0%
Rosja 2010 Maksim Łobzenko
0%
Niemcy 2019 Matthias Kroeger
0%
Nie znaleziono quizów pasujących do podanych kryteriów
Rozkład punktacji
Procent ludzi z każdym wynikiem
Percentyl według liczby udzielonych odpowiedzi
Twoja historia wyników
Nie rozwiązałeś tego quizu